000 00326nam a2200109Ia 4500
008 171211s9999 xx 000 0 und d
245 _aProfessional Web Design: Techniques And Templates
245 _cClint Eccher
260 _c2014
650 _xWeb Development
856 _uhttp://down.ebook777.com/013/ProWebDesTecAndTem.pdf
999 _c350073
_d350073